Normal view
MARC view
- Marco Polo
Entry Personal Name
001 - CONTROL NUMBER
- control field: 3626
003 - CONTROL NUMBER IDENTIFIER
- control field: NUST
005 - DATE AND TIME OF LATEST TRANSACTION
- control field: 20170728100735.0
008 - FIXED-LENGTH DATA ELEMENTS
- fixed length control field: 170728|| aca||aabn | a|a d
040 ## - CATALOGING SOURCE
- Original cataloging agency: NUST
- Transcribing agency: NUST
100 ## - HEADING--PERSONAL NAME
- Personal name: Marco Polo
670 ## - SOURCE DATA FOUND
- Source citation: Work cat.: (NUST): Marco Polo, Safar nama Marco Polo/, 2005.
